Visualizzazione normale
Vista MARC
- Ure Midge
di Personal Name
Records bibliografici associati: 1
001 - CONTROL NUMBER
- control field: 32161
003 - CONTROL NUMBER IDENTIFIER
- control field: IT-RoPau
005 - DATE AND TIME OF LATEST TRANSACTION
- control field: 20140627094149.0
008 - FIXED-LENGTH DATA ELEMENTS
- fixed length control field: 140627|| aca||aabn | a|a d
040 ## - CATALOGING SOURCE
- Original cataloging agency: IT-RoPau
- Transcribing agency: IT-RoPau
100 ## - HEADING--PERSONAL NAME
- Personal name: Ure Midge
- Miscellaneous information: Codice interprete SPICS: 28491
- Relator term: Interprete
670 ## - SOURCE DATA FOUND
- Source citation: Work cat.: (IT-RoPau)98897: Ure Midge 32158, Breathe, 1996 [1a Ed.:1996 - Ed. Lingua Orig.: 1996]